000 00723nam a2200253Ia 4500
003 OSt
005 20220925192426.0
006 a|||||r|||| 00| 0
007 ta
008 220923b |||||||| |||| 00| 0 eng d
020 _a9284500338
037 _cGeneral Book
040 _aRTL
_cRTL
_beng
041 _2eng
_aeng
082 _aX.59B.N8, M6
100 _aJoseph Philip Ed.
_9245151
245 0 _aEconomics of Eastern Europe and their foreign economic relations
260 _aBruxelles
_bNATO
_c1986
300 _a363p.
_ccm.
490 _aNATO,Collguim, 1986
650 _aEconomic Condition Russia
942 _hX.59B.N8, M6
_cGB
_2CC
999 _c522133
_d522133